ا لا سلا م (Record no. 167562)
[ view plain ]
| 000 -LEADER | |
|---|---|
| fixed length control field | 00630nam a22001937a 4500 |
| 005 - DATE AND TIME OF LATEST TRANSACTION | |
| control field | 20190911110824.0 |
| 010 ## - LCCN (DPL NO) | |
| LC control number | UR-10449 |
| 020 ## - INTERNATIONAL STANDARD BOOK NUMBER | |
| Terms of availability | 60.00 |
| International Standard Book Number | 9788178988375 |
| 035 ## - SYSTEM CONTROL NUMBER | |
| System control number | U-9004 |
| 037 ## - SOURCE OF ACQUISITION | |
| Source of stock number/acquisition | DBAD/PUB |
| Stock number | - |
| 082 ## - DEWEY DECIMAL CLASSIFICATION NUMBER | |
| Classification number | 270 |
| 100 ## - MAIN ENTRY--PERSONAL NAME | |
| Personal name | و حيد ا لد ين خا ن |
| 245 ## - TITLE STATEMENT | |
| Title | ا لا سلا م |
| Statement of responsibility, etc | و حيد ا لد ين خا ن |
| 246 ## - VARYING FORM OF TITLE | |
| Remainder of title | Al-Islam (Urdu) |
| Title proper/short title | by Waheeduddin Khan |
| 260 ## - PUBLICATION, DISTRIBUTION, ETC. (IMPRINT) | |
| Place of publication, distribution, etc | Delhi |
| Name of publisher, distributor, etc | Maktaba Al-Risala |
| Date of publication, distribution, etc | 2013 ء |
| 270 ## - ADDRESS | |
| Address | Good Word Books 1,Nizamuddin,West Market |
| City | N.Delhi |
| Postal code | 110013 |
| Telephone number | 918588822672 |
| Fax number | - |
| 300 ## - PHYSICAL DESCRIPTION | |
| Extent | 175ص |
| Dimensions | 22 Cm(Hb) |
| 942 ## - ADDED ENTRY ELEMENTS (KOHA) | |
| Source of classification or shelving scheme | Dewey Decimal Classification |
| Item type | Urdu Bks |
| Classification part | 270 |
| Call number suffix | خ ا ن |
| Withdrawn status | Lost status | Not for loan | Collection code | Home library | Current library | Date acquired | Source of acquisition | Cost, normal purchase price | Full call number | Barcode | Copy number | Cost, replacement price | Koha item type |
|---|---|---|---|---|---|---|---|---|---|---|---|---|---|
| Non-fiction | Central Library | Central Library | 11/09/2019 | DBAD/PUB | 60.00 | 270 خ ا ن | U-9004 | 1 | 60.00 | Urdu Bks |
